Central Library OPAC University of Rajshahi

নিম্নবর্গের ইতিহাস / (Record no. 39388)

MARC details
000 -LEADER
fixed length control field 01020nam a2200241 a 4500
001 - CONTROL NUMBER
control field 39388
003 - CONTROL NUMBER IDENTIFIER
rucl marc code BD-RjUL
005 - DATE AND TIME OF LATEST TRANSACTION
control field 20211209053000.0
008 - FIXED-LENGTH DATA ELEMENTS--GENERAL INFORMATION
fixed length control field 160410b20121998bg ||||| |||| 00| 0 ben d
020 ## - INTERNATIONAL STANDARD BOOK NUMBER
International Standard Book Number 8172158491
Terms of availability TK.400.00
035 ## - SYSTEM CONTROL NUMBER
System control number (BD-RjUL) 39501
040 ## - CATALOGING SOURCE
Original cataloging agency BD-RjUL
Language of cataloging ben
Transcribing agency BD-RjUL
041 ## - LANGUAGE CODE
Language code of text/sound track or separate title ben
082 ## - DEWEY DECIMAL CLASSIFICATION NUMBER
Edition number 23
Classification number 305.56
Author mark and year NIM 2012
245 00 - TITLE STATEMENT
Title নিম্নবর্গের ইতিহাস /
Statement of responsibility, etc. সম্পাদনা, গৌতম ভদ্র , পার্থ চট্টোপাধ্যায়
260 ## - PUBLICATION, DISTRIBUTION, ETC. (IMPRINT)
Place of publication, distribution, etc. কলকাতা :
Name of publisher, distributor, etc. আনন্দ পাবলিশার্স,
Date of publication, distribution, etc. ১৯৯৮ [মুদ্রন ২০০১-২০১২]
300 ## - PHYSICAL DESCRIPTION
Pagination [১২], ২৮৮ পৃ. ;
Size ২২ সেমি.
650 ## - SUBJECT ADDED ENTRY--TOPICAL TERM
Topical term or geographic name as entry element মানুষ (নিম্নবর্গ)
9 (RLIN) 121420
Topical term or geographic name as entry element People (Lower class)
9 (RLIN) 121421
700 ## - ADDED ENTRY--PERSONAL NAME
Personal name ভদ্র, গৌতম,
Personal name চট্টোপাধ্যায়, পার্থ
942 ## - ADDED ENTRY ELEMENTS (KOHA)
Source of classification or shelving scheme Dewey Decimal Classification
Koha item type Books
Holdings
Lost status Source of classification or shelving scheme Damaged status Not for loan Collection code Permanent Location Current Location Shelving location Date acquired Source of acquisition Cost, normal purchase price Total Checkouts Full call number Date last seen Copy number Koha item type Date checked out
  Dewey Decimal Classification   Not For Loan Non-fiction Central Library, University of Rajshahi Central Library, University of Rajshahi Reading Room 23/06/2015 Batighor, Chittagong 440.00   B 305.56 NIM 2012 10/04/2016 C-1 Books  
  Dewey Decimal Classification     Non-fiction Central Library, University of Rajshahi Central Library, University of Rajshahi   23/06/2015 Batighor, Chittagong 440.00 3 B 305.56 NIM 2012 22/05/2022 C-2 Books 07/04/2022
  Dewey Decimal Classification     Non-fiction Central Library, University of Rajshahi Central Library, University of Rajshahi   23/06/2015 Batighor, Chittagong 440.00   B 305.56 NIM 2012 10/04/2016 C-3 Books  
  Dewey Decimal Classification     Non-fiction Central Library, University of Rajshahi Central Library, University of Rajshahi   03/07/2008 Paragon Enterprise Lit., Dhaka 100.00   B 305.56 NIM 2001 08/08/2016 C-4 Books  
  Dewey Decimal Classification     Non-fiction Central Library, University of Rajshahi Central Library, University of Rajshahi   03/07/2008 Paragon Enterprise Lit., Dhaka 100.00   B 305.56 NIM 2001 08/08/2016 C-5 Books  
  Dewey Decimal Classification     Non-fiction Central Library, University of Rajshahi Central Library, University of Rajshahi   03/07/2008 Paragon Enterprise Lit., Dhaka 100.00 2 B 305.56 NIM 2001 10/12/2023 C-6 Books 27/11/2023
  Dewey Decimal Classification     Non-fiction Central Library, University of Rajshahi Central Library, University of Rajshahi   03/07/2008 Paragon Enterprise Ltd.Dhaka. 100.00   B 305.56 NIM 2012 22/11/2016 C-7 Books  
  Dewey Decimal Classification     Non-fiction Central Library, University of Rajshahi Central Library, University of Rajshahi   03/07/2008 Paragon Enterprise Ltd.Dhaka. 100.00   B 305.56 NIM 2004 27/12/2016 C-8 Books